000 01208nam a2200277 a 4500
001 ebr10477257
003 CaPaEBR
006 m u
007 cr cn|||||||||
008 110707s2011 enka s 001 0 eng d
020 _z9781849682022
020 _z9781849682039 (e-book)
040 _aCaPaEBR
_cCaPaEBR
035 _a(OCoLC)742043598
050 1 4 _aHF5548.37
_b.B83 2011eb
100 1 _aBuchanan, Steve.
245 1 0 _aMicrosoft Data Protection Manager 2010
_h[electronic resource] :
_ba practical step-by-step guide to planning deployment, installation, configuration, and troubleshooting of Data Protection Manager 2010 /
_cSteve Buchanan.
260 _aBirmingham, U.K. :
_bPackt Enterprise Pub.,
_c2011.
300 _avi, 337 p. :
_bill. (chiefly col.)
500 _aIncludes index.
533 _aElectronic reproduction.
_bPalo Alto, Calif. :
_cebrary,
_d2011.
_nAvailable via World Wide Web.
_nAccess may be limited to ebrary affiliated libraries.
650 0 _aData protection.
655 7 _aElectronic books.
_2local
710 2 _aebrary, Inc.
856 4 0 _uhttp://site.ebrary.com/lib/rucke/Doc?id=10477257
_zAn electronic book accessible through the World Wide Web; click to view
999 _c116758
_d116758